Normal view
MARC view
- Blanchard, Ken
Entry Personal Name
001 - CONTROL NUMBER
- control field: 56575
003 - CONTROL NUMBER IDENTIFIER
- control field: NUST
005 - DATE AND TIME OF LATEST TRANSACTION
- control field: 20210628201730.0
008 - FIXED-LENGTH DATA ELEMENTS
- fixed length control field: 210628|| aca||aabn | a|a d
040 ## - CATALOGING SOURCE
- Original cataloging agency: NUST
- Transcribing agency: NUST
100 ## - HEADING--PERSONAL NAME
- Personal name: Blanchard, Ken
670 ## - SOURCE DATA FOUND
- Source citation: Work cat.: (NUST): Blanchard, Ken, Leadership by the book,tools to transform your workplace, 1999
